Taylor Swift mystery lyrics #118 - Statistics

General Stats
  • This quiz has been taken 54 times
  • The average score is 178 of 250
Answer Stats
Answer % Correct
I
100%
you
100%
You
100%
a
97%
the
97%
and
95%
And
95%
me
95%
in
92%
In
92%
love
92%
Your
92%
is
89%
you're
89%
go
87%
it
87%
this
87%
This
87%
on
84%
to
84%
were
84%
When
84%
of
82%
what
82%
my
79%
But
76%
but
76%
could
74%
Oh
71%
oh
71%
came
68%
from
68%
had
68%
just
68%
let
68%
never
66%
time
66%
will
66%
with
66%
back
63%
come
63%
good
63%
need
63%
dead
61%
free
61%
hands
61%
These
61%
bad
58%
gone
58%
leave
53%
up
53%
alive
50%
dark
47%
still
47%
dreamed
45%
dreams
45%
kiss
45%
night
45%
out
45%
again
42%
blue
42%
Clear
42%
only
42%
watched
42%
water
42%
young
42%
brought
39%
glowing
39%
left
39%
losing
39%
run
39%
screams
39%
silent
39%
smile
39%
through
39%
cheek
37%
fell
37%
knees
37%
mark
37%
showed
37%
new
34%
permanent
34%
ships
34%
sinking
34%
wildest
34%
High
32%
someone
32%
tide
32%
Tossing
29%
Currents
26%
darker
26%
grew
26%
Skies
26%
swept
26%
turning
26%
burning
24%
Flickered
24%
ghost
24%
grip
24%
Lantern
24%
Struggled
24%
No matching quizzes found
Score Distribution
Percent of People with Each Score
Percentile by Number Answered
Your Score History
You have not taken this quiz